Pokémon - Les attaques de Pitrouille - Statistiques

Statistiques générales
  • Ce quiz a été pris 18 fois
  • Le résultat moyen est 7 sur 13
Statistiques - réponses
Niveaux Types Noms des attaques % Correct
Niveau 36 Spectre Ball'Ombre
90%
Niveau 16 Plante Vampigraine
90%
Niveau 32 Plante Canon Graine
80%
Départ Spectre Étonnement
80%
Départ
Niveau 12
Niveau 24
Niveau 36
Spectre Halloween
70%
Niveau 20 Plante Balle Graine
60%
Niveau 4 Spectre Ombre Portée
50%
Niveau 8 Spectre Onde Folie
50%
Niveau 28 Plante Soucigraine
50%
Niveau 12 Plante Tranch'Herbe
50%
Niveau 44 Normal Balance
20%
Niveau 24 Normal Grimace
0%
Niveau 40 Psy Tour de Magie
0%
Aucun quiz correspondant
Distribution des résultats
% des personnes avec chaque résultat
Percentile par nombre de réponses
Votre historique - résultats
Vous n’avez pas pris ce quiz